000 00504cam a22002172a 4500
001 012311
003 AR-FADEU
008 311216n1961####xxu####################dd
092 _a928
_bW947
100 _aWright, David
245 _aRoy Campbell
260 _aLondon
260 _bLongmans Green
260 _c1961
300 _a44 p.
440 _aWriters and their work
_n137
500 _aIncludes bibliography
650 _aCAMPBELL, ROY-BIOGRAFIA
546 _ainglés
942 _cBDGR
999 _c18080
_d18080